| 000 | 00382nam a22001457a 4500 | ||
|---|---|---|---|
| 003 | OSt | ||
| 005 | 20220114105058.0 | ||
| 008 | 220114b |||||||| |||| 00| 0 eng d | ||
| 020 | _a9780470689165 | ||
| 040 | _cHU | ||
| 082 |
_24th _a552.5 |
||
| 100 |
_aTucker _924354 |
||
| 245 | _aThe Geological Guide Series Sedimentary Rocks In The Field A Practical Guide | ||
| 942 |
_2ddc _cBOOKS _n0 |
||
| 999 |
_c27042 _d27042 |
||